00663nam a22001937a 4500003000900000008004100009040007100050082001700121100001600138245002600154260003000180300002700210440002400237505014000261650001500401650001300416650001700429700002300446AR-CdUCM190326b ||||| |||| 00| 0 spa d aMUNICIPALIDAD PROVINCIAL DEL CUSCOcBIBLIOTECA MUNICIPAL DEL CUSCO a515.2 /bC67 aCohn, P. M. aEcuaciones lineales / aMéxico :bUteha,c1968. a97 páginas ;c18 cm. aManuales utehan195 aContenido : Vectores -- Resolución de un sistema de ecuaciones Matrices Resolución de un sistema de ecuaciones -- Determinantes ... aEcuaciones aLineales aResoluciones aDaltabuit, Enrique